Normal view
MARC view
Entry Personal Name
001 - CONTROL NUMBER
- control field: 772496
003 - CONTROL NUMBER IDENTIFIER
- control field:
005 - DATE AND TIME OF LATEST TRANSACTION
- control field: 20210627053444.0
008 - FIXED-LENGTH DATA ELEMENTS
- fixed length control field: 210627|| aca||aabn | a|a d
040 ## - CATALOGING SOURCE
- Original cataloging agency:
- Transcribing agency:
100 ## - HEADING--PERSONAL NAME
- Personal name: Schuchert, Charles,
- Titles and other words associated with a name: 1858-1942
670 ## - SOURCE DATA FOUND
- Source citation: Work cat.: ()653298: A century of science in America :, 1918
